La hija del regente (Record no. 174005)

MARC details
000 -LEADER
campo de control de longitud fija 00960nam a22002055i 4500
001 - NÚMERO DE CONTROL
campo de control 174005
003 - IDENTIFICADOR DE NÚMERO DE CONTROL
campo de control ES-MaACL
005 - FECHA Y HORA DE LA ÚLTIMA TRANSACCIÓN
campo de control 20251003185628.0
008 - DATOS DE LONGITUD FIJA--INFORMACIÓN GENERAL
campo de control de longitud fija 100205s1846 sp |||| | spa d
100 1# - ENTRADA PRINCIPAL--NOMBRE DE PERSONA
Nombre de persona Dumas, Alexandre,
Fechas asociadas al nombre 1802-1870
Término indicativo de función/relación Autor
9 (RLIN) 241135
245 13 - MENCIÓN DEL TÍTULO
Título La hija del regente
Resto del título : comedia en francés /
Mención de responsabilidad, etc. por Alejandro Dumas ; y arreglada a la escena española por Isidoro Gil y Ramón de Navarrete.
260 ## - PUBLICACIÓN, DISTRIBUCIÓN, ETC.
Lugar de publicación, distribución, etc. Madrid :
Nombre del editor, distribuidor, etc. [Manuel Delgado],
Fecha de publicación, distribución, etc. 1846 (
Fabricante Imp. de José Repullés)
300 ## - DESCRIPCIÓN FÍSICA
Extensión 70 p. ;
Dimensiones 17 cm.
500 ## - NOTA GENERAL
Nota general En port.: Representada por primera vez en el teatro del Príncipe el 20 de junio de 1846.
700 1# - ENTRADA AGREGADA--NOMBRE PERSONAL
Nombre de persona Gil y Baus, Isidoro,
Fechas asociadas al nombre 1814-1866
9 (RLIN) 56736
700 1# - ENTRADA AGREGADA--NOMBRE PERSONAL
Nombre de persona Navarrete, Ramón de,
Fechas asociadas al nombre 1818-1897
9 (RLIN) 85042
852 ## - LOCALIZACIÓN
Ubicación ES-MaACL
Número de control de estantería F-8642(6)
Nota libre .- Enc. holandesa
condición física .- Falto de la cub. original
Nota libre .- Enc. en un vol. facticio formando parte de la col. facticia "Teatro español moderno" v. 99
942 ## - ELEMENTOS DE ENTRADA SECUNDARIOS (KOHA)
Fuente del sistema de clasificación o colocación Clasificación decimal universal
Holdings
Estatus retirado Estado de pérdida Estado de daño No para préstamo Colección Biblioteca de origen Biblioteca actual Ubicación en estantería Fecha de adquisición Fuente de adquisición Total de préstamos Signatura topográfica completa Código de barras Visto por última vez Precio de reemplazo Tipo de ítem Koha
        Libros del s. XIX Biblioteca del Ateneo de Madrid Biblioteca del Ateneo de Madrid Sala Pecera Planta 2 05/02/2010     F-8642(6) 1182653 23/02/2023 23/02/2023 Libro impreso antiguo